LEADER 01261nam 2200433 450 001 9910317781503321 005 20221013092115.0 010 $a1-83881-797-2 010 $a1-78984-250-6 035 $a(CKB)4970000000100269 035 $a(NjHacI)994970000000100269 035 $a(EXLCZ)994970000000100269 100 $a20221013d2018 uy 0 101 0 $aeng 135 $aur||||||||||| 181 $ctxt$2rdacontent 182 $cc$2rdamedia 183 $acr$2rdacarrier 200 00$aCalcium and Signal Transduction /$fedited by John N. Buchholz 210 1$aLondon, United Kingdom :$cIntechOpen,$d2018. 215 $a1 online resource (202 pages) $cillustrations some color 225 1 $aPhysiology 311 $a1-78984-249-2 320 $aIncludes bibliographical references. 410 0$aphysiology. 606 $aCytology 606 $aCalcium$xPhysiological effect 606 $aCalcium channels 615 0$aCytology. 615 0$aCalcium$xPhysiological effect. 615 0$aCalcium channels. 676 $a612.01524 702 $aBuchholz$b John N 801 0$bNjHacI 801 1$bNjHacl 906 $aBOOK 912 $a9910317781503321 996 $aCalcium and Signal Transduction$92270221 997 $aUNINA